Física conceptual

Tallennettuna:
Bibliografiset tiedot
Päätekijä: Hewitt, Paul G (Tekijä)
Aineistotyyppi: Kirja
Kieli:espanja
Julkaistu: Ciudad de México Pearson Educación 1999
Sarja:AWLI
Aiheet:
Tagit: Lisää tagi
Ei tageja, Lisää ensimmäinen tagi!

MARC

LEADER 00000nam a2200000 a 4500
001 UCN5196
003 CL-VaPUC
008 010824e19990000MX |||||||||||||||||spa|d
020 |a 9684442807 
082 0 4 |a 530  |b HEW  |2 21 
100 |a Hewitt, Paul G  |e author  |9 529586 
245 1 0 |a Física conceptual 
300 |a 692 p 
942 |c BK 
945 |d 20010824 00:00:00  |a vberengu 
260 |a Ciudad de México  |b Pearson Educación  |c 1999 
650 0 |a Energía   |9 259431 
650 7 |a CENTRO DE GRAVEDAD  |2 CL-VaPUC  |9 363940 
650 7 |a INERCIA  |2 CL-VaPUC  |9 344732 
650 0 |a Gravitación   |9 332312 
650 0 |a Mecánica   |9 260096 
650 0 |a Espacio y tiempo  |9 265042 
650 0 |a Calor  |9 260253 
650 0 |a Termodinámica   |9 259320 
650 0 |a Transferencia de calor  |9 336631 
650 0 |a Luz  |9 263172 
650 0 |a Sonido   |9 261796 
650 0 |a Electricidad  |9 260222 
650 0 |a Magnetismo  |9 260336 
650 7 |a FISICA ATOMICA  |2 CL-VaPUC  |9 346166 
650 7 |a FISICA NUCLEAR  |2 CL-VaPUC  |9 270366 
583 |a last modification  |c 20010824 00:00:00  |k Rodrigo Vera 
490 0 |a AWLI 
999 |c 296853  |d 296851 
952 |0 0  |1 0  |4 0  |6 530_000000000000000_HEW_1999  |7 0  |8 P  |9 351085  |a BIBARQ  |b BIBARQ  |d 2019-11-21  |i 3749606  |o 530 HEW 1999  |p 3749606  |r 2025-01-20  |w 2019-11-21  |y BK  |k ARQ 
952 |0 0  |1 0  |4 0  |6 530_000000000000000_HEW_1999  |7 0  |8 P  |9 351086  |a BIBARQ  |b BIBARQ  |d 2019-11-21  |i 3749614  |o 530 HEW 1999  |p 3749614  |r 2025-01-20  |w 2019-11-21  |y BK  |k ARQ 
952 |0 0  |1 0  |2 ddc  |4 0  |6 530_000000000000000_HEW_1999  |7 0  |8 A  |9 351089  |a BIBCUR  |b BIBCUR  |c GEN  |d 2019-11-21  |i 3756092  |o 530 HEW 1999  |p 3756092  |r 2025-04-22  |w 2019-11-21  |y BK  |k BAC 
952 |0 0  |1 0  |4 0  |6 530_000000000000000_HEW_1999  |7 0  |8 A  |9 351094  |a BIBCUR  |b BIBCUR  |d 2019-11-21  |i 391318K  |o 530 HEW 1999  |p 391318K  |r 2025-04-22  |w 2019-11-21  |y BK  |k BAC 
952 |0 0  |1 0  |4 0  |6 530_000000000000000_HEW_1999  |7 0  |8 A  |9 351095  |a BIBCUR  |b BIBCUR  |d 2019-11-21  |i 3913198  |o 530 HEW 1999  |p 3913198  |r 2025-04-22  |w 2019-11-21  |y BK  |k BAC 
952 |0 0  |1 0  |4 0  |6 530_000000000000000_HEW_1999  |7 0  |8 A  |9 351096  |a BIBCUR  |b BIBCUR  |d 2019-11-21  |i 3913201  |o 530 HEW 1999  |p 3913201  |r 2025-04-22  |w 2019-11-21  |y BK  |k BAC 
952 |0 0  |1 0  |4 0  |6 530_000000000000000_HEW_1999  |7 0  |8 A  |9 351097  |a BIBCUR  |b BIBCUR  |d 2019-11-21  |i 3922243  |o 530 HEW 1999  |p 3922243  |r 2025-04-22  |w 2019-11-21  |y BK  |k BAC 
952 |0 0  |1 0  |4 0  |6 530_000000000000000_HEW_1999  |7 0  |8 A  |9 351098  |a BIBCUR  |b BIBCUR  |d 2019-11-21  |i 3922251  |l 1  |o 530 HEW 1999  |p 3922251  |r 2025-04-22  |s 2023-10-10  |w 2019-11-21  |y BK  |k BAC